Stolice w ich ojczystych językach - Statystyki

Ogólne statystyki
  • Ten quiz został rozwiązany 111 razy
  • Średni wynik to 16 z 21
Statystyki odpowiedzi
Ojczysty Polski % Poprawnych
Roma Rzym
100%
Praha Praga
99%
Moskva Moskwa
97%
Beograd Belgrad
95%
București Bukareszt
95%
København Kopenhaga
95%
Wien Wiedeń
94%
Nava Dehalī Nowe Delhi
93%
Athinai Ateny
92%
Kaapstad Kapsztad
92%
Prishtinë Prisztina
90%
Bayrūt Bejrut
88%
Hà Nội Hanoi
88%
Dimashq / Ash-Sham Damaszek
80%
Ar-Riyāḍ Rijad
77%
Lefkosia Nikozja
65%
Pot Mosbi Port Moresby
52%
Krung Thep Bangkok
32%
Baile Átha Cliath Dublin
29%
Pòtoprens Port-au-Prince
29%
Errbaṭ Rabat
29%
Nie znaleziono quizów pasujących do podanych kryteriów
Rozkład punktacji
Procent ludzi z każdym wynikiem
Percentyl według liczby udzielonych odpowiedzi
Twoja historia wyników
Nie rozwiązałeś tego quizu